Herby polskich miast - Statystyki

Ogólne statystyki
  • Ten quiz został rozwiązany 140 razy
  • Średni wynik to 31 z 50
Statystyki odpowiedzi
Obrazkowy Odpowiedź % Poprawnych
Łódź
97%
Kraków
96%
Gdańsk
94%
Warszawa
90%
Wrocław
89%
Katowice
87%
Szczecin
87%
Gdynia
85%
Lublin
85%
Toruń
83%
Rzeszów
82%
Kielce
81%
Białystok
79%
Bydgoszcz
76%
Radom
76%
Zielona Góra
76%
Poznań
75%
Opole
73%
Gliwice
70%
Gorzów Wielkopolski
63%
Olsztyn
63%
Tarnów
63%
Zabrze
63%
Sosnowiec
62%
Koszalin
60%
Słupsk
60%
Częstochowa
59%
Jelenia Góra
58%
Elbląg
57%
Rybnik
56%
Bielsko-Biała
55%
Chorzów
55%
Płock
55%
Bytom
53%
Kalisz
52%
Legnica
52%
Suwałki
46%
Tychy
46%
Wałbrzych
46%
Dąbrowa Górnicza
45%
Grudziądz
40%
Nowy Sącz
40%
Siedlce
40%
Piła
39%
Jastrzębie-Zdrój
37%
Ruda Śląska
36%
Włocławek
36%
Mysłowice
28%
Jaworzno
26%
Ostrów Wielkopolski
21%
Nie znaleziono quizów pasujących do podanych kryteriów
Rozkład punktacji
Procent ludzi z każdym wynikiem
Percentyl według liczby udzielonych odpowiedzi
Twoja historia wyników
Nie rozwiązałeś tego quizu